Countries with Wild Moose Quiz Stats

 Plays Quiz not verified by Sporcle

Score 0/22 Timer 03:00
0 Plays Today
Country % Correct
Russia
97.2%
Canada
96.8%
United States
96.3%
Norway
94%
Sweden
94%
Finland
91%
Germany
87.7%
China
84.7%
Poland
82.8%
Latvia
82.4%
Estonia
81.7%
Country % Correct
Ukraine
80.5%
Mongolia
79.8%
Lithuania
79.4%
Romania
73.8%
Belarus
72.4%
Czech Republic
67.5%
Hungary
67.3%
Slovakia
67.3%
Kazakhstan
64.3%
Moldova
54.8%
Croatia
46.4%

You're not logged in!

Compare scores with friends on all Sporcle quizzes.
OR
Log In

Show Comments

Extras

Top Quizzes Today


Score Distribution

Your Account Isn't Verified!

In order to create a playlist on Sporcle, you need to verify the email address you used during registration. Go to your Sporcle Settings to finish the process.

Report this User

Report this user for behavior that violates our Community Guidelines.

Details: